| 000 | 00744nam a2200217Ia 4500 | ||
|---|---|---|---|
| 001 | 8531 | ||
| 003 | GE_BSU | ||
| 008 | 181216s||||||||xx |||||||||||||| ||und|| | ||
| 040 | _cGE_BSU | ||
| 100 | _aზედგინიძე,ელიზბარ | ||
| 245 | _aოქროს თუმნიანი | ||
| 245 | _bმოთხრობები | ||
| 245 | _cრედ. მ.ბაკურიძე, მხატვ. გ. როინიშვილი | ||
| 260 | _aთბილისი | ||
| 260 | _bსაბჭოთა საქართველო | ||
| 260 | _c1962 | ||
| 300 | _a345გვ.,ილ. 19 სმ. | ||
| 653 | _aმოთხრობები | ||
| 653 | _aოქროს თუმნიანი | ||
| 942 | _cBK | ||
| 999 |
_c41848 _d41848 |
||